Πως αντιλαμβάνονται οι μαθητές της Β Γυμνασίου την έννοια της Ευρώπης και του ευρωπαϊκού πολιτισμού : [πτυχιακή εργασία]
Χαρακτηριστικά Ευρώπης - Ευρωπαϊκού πολιτισμού.
Saved in:
| Main Author: | |
|---|---|
| Corporate Author: | |
| Other Authors: | |
| Format: | Thesis Book |
| Language: | Greek |
| Published: |
2015.
|
| Subjects: | |
| Online Access: | http://hdl.handle.net/11610/6255 |
| Tags: |
Add Tag
No Tags, Be the first to tag this record!
|
MARC
| LEADER | 00000cam a2200000 a 4500 | ||
|---|---|---|---|
| 001 | 1/109298 | ||
| 008 | 151104s2015####gr d ||| |||| ||gre|| | ||
| 040 | |a GR-MyUa |b gre |c GR-MyUa |e AACR2 | ||
| 041 | 0 | |a gre | |
| 082 | 7 | |a 155.4 |2 (23) | |
| 100 | 1 | |a Σπανού, Γεωργία. | |
| 245 | 1 | 0 | |a Πως αντιλαμβάνονται οι μαθητές της Β Γυμνασίου την έννοια της Ευρώπης και του ευρωπαϊκού πολιτισμού : |b [πτυχιακή εργασία] / |c Σπανού Γεωργία ; επιβλέπουσα καθηγήτρια: Κλωνάρη Αικατερίνη. |
| 260 | |c 2015. | ||
| 300 | |a 62 σ. : |b εικ. ; |c 24 εκ. | ||
| 500 | |a Μέλη επιτροπής: Πετράκου Ηλέκτρα, Χωριανόπουλος Ιωάννης. | ||
| 502 | # | # | |a Πτυχιακή εργασία – Πανεπιστήμιο Αιγαίου, Λέσβος, 2015. |
| 504 | |a Περιλαμβάνει βιβλιογραφία και παράρτημα. | ||
| 506 | 1 | |a Ηλεκτρονική διάθεση στο πλήρες κείμενο – περιορισμένης πρόσβασης ; |d Ελεύθερη διάθεση μόνο στα μέλη του Πανεπιστημίου Αιγαίου. | |
| 520 | 8 | |a Χαρακτηριστικά Ευρώπης - Ευρωπαϊκού πολιτισμού. | |
| 650 | 0 | |a Geographical perception in children. | |
| 650 | 0 | |a Perception in children. | |
| 650 | 0 | |a Social perception in children. | |
| 650 | 0 | |a School children |x Attitudes |x Case studies. | |
| 700 | 1 | |a Κλωνάρη, Αικατερίνη, |e dgsf | |
| 710 | 2 | |a Πανεπιστήμιο Αιγαίου. |b Σχολή Κοινωνικών Επιστημών. |b Τμήμα Γεωγραφίας. | |
| 852 | |a INST |b LESVOS |c DIATR |e 20151104 |h 923 |p 005100057970 |q 005100057970 |t DIE |y 23 | ||
| 852 | |a INST |b LESVOS |c DIATR |e 20151104 |h 924 |p 005100057969 |q 005100057969 |t DIE |y 23 | ||
| 856 | |u http://hdl.handle.net/11610/6255 | ||
| 924 | |a Σπανού |b Γεωργία |y Λέσβος |z 2015-02 | ||
| 970 | |a Τζαφέρη |b Ευαγγελία |z 04-11-2015 | ||